|
|
|
|
| LEADER |
00000nab a2200000 a 4500 |
| 001 |
vtls009337710 |
| 003 |
SK-MaSNL |
| 005 |
20260513150852.0 |
| 008 |
080924|2008 xo wrz r 000 0 slo |
| 015 |
|
|
|a SNBRB2008/
|2 kevkjb
|
| 038 |
|
|
|a KEVKJB
|
| 040 |
|
|
|a KEVKJB
|b slo
|c KEVKJB
|e AACR2
|
| 041 |
0 |
|
|a slo
|
| 044 |
|
|
|a xo
|c SK
|
| 080 |
|
|
|a 78.071.2
|2 2001
|
| 080 |
|
|
|a 929 Suchoň, Eugen
|2 2001
|
| 080 |
|
|
|a 929 Štilichová-Suchoňová, Danica
|2 2001
|
| 100 |
1 |
|
|a Vajdová, Lea
|4 aut
|9 1032661
|
| 245 |
1 |
0 |
|a Zrútil sa jej svet
|c Lea Vajdová
|
| 300 |
|
|
|b Obr.
|
| 600 |
1 |
7 |
|a Štilichová, Danica,
|d 1949-2025
|2 kevkjb
|9 48806
|
| 600 |
1 |
7 |
|a Suchoň, Eugen,
|d 1908-1993
|2 kevkjb
|9 107916
|
| 773 |
0 |
|
|t Markíza
|g Roč. XI, č. 33 (2008), s. 24-25
|x 1335-2776
|
| 852 |
|
|
|a KEVKJB
|b KIS3GCP
|
| 958 |
|
|
|a BX
|
| 999 |
|
|
|c 2589643
|d 2591573
|